000 03199cam a22006974i 4500
003 PE-LiUPU
005 20250731170453.0
008 150706s2010 mx a rb 000 0 spa d
020 _a6074812268
020 _a9786074812268
035 _a(Sirsi) i9786074812268
040 _aPE-LiUPU
_bspa
_cPE-LiUPU
_dPE-LiUPU
_erda
049 _aPRUA
082 0 4 _a158.7
_bA10
_221
082 0 4 _a158.7
_bA10 2010
100 1 _aAamodt, Michael G.,
_eautor.
245 1 0 _aPsicología industrial/organizacional :
_bun enfoque aplicado /
_cMichael G. Aamodt ; [traductores], Paola Martínez Sosa, Antonio Núñez Ramos.
250 _a6a edición.
264 1 _aMéxico :
_bCengage learning,
_c2010.
300 _a684 páginas :
_bilustraciones ;
_c27 centímetros
336 _atext
_2rdacontent
337 _aunmediated
_2rdamedia
338 _avolume
_2rdacarrier
504 _aBibliografía : página 623-667.
505 0 _aIntroducción a la Psicología -- Evaluación y análisis de puesto -- Aspectos legales en la selección de empleados -- Selección de empleados: reclutamiento y entrevista -- Selección del empleado: referencias y pruebas -- Evaluación de las técnicas y decisiones de selección -- Evaluación del desempeño del empleado -- Diseño y evaluación de sistemas de capacitación -- Motivación del empleado -- Satisfacción y compromiso del empleado -- Comunicación organizacional -- Liderazgo -- Conducta grupal, equipos y conflicto -- Desarrollo organizacional -- Manejo del estrés: cómo ocuparse de las demandas de la vida y el trabajo -- Apéndice: Condiciones laborales y factores humanos.
526 _aSEG68
526 _aSEG70
526 _aSEG69
526 _aSEG67
526 _aSEG43
526 _aP144
526 _aP143
526 _aP131
526 _aP122
526 _aP120
526 _aP117
526 _aP112
526 _aP110
526 _aP106
526 _aP101
526 _aP80
526 _aP59
526 _aP54
526 _aP35
526 _aP33
526 _aP30
541 _g001-003364;
650 0 4 _aPsicología Industrial.
_9346
700 1 _aMarínez Sosa, Paola,
_etraductor.
700 1 _aNíñez Ramos, Antonio,
_etraductor.
910 _agl20110907
910 _btqv
_cwelc
_d20160914
942 _2ddc
_cBOOK
949 _a158.7 A10
_wDEWEY
_c1
_i63628
_lCCODEBUL1
_mBUL
_p63.00
_r0
_sY
_tBOOK
_u2015-7-6
_xSALUD
_PP33
_o.STAFF. Colección Ciencias de la Salud
949 _a158.7 A10 2010
_wDEWEY
_c1
_iFJ02053
_lCCODEBUJ1
_mBUJ
_p63.00
_r0
_sY
_tBOOK
_u2016-09-14
_xSALUD
_PP33
_0COMPRA
_o.STAFF. Colección General Juliaca
994 _aC0
_bPEPRU
596 _a1 3
999 _a158.7 A10
_wDEWEY
_c52537
_i63628
_d52537
_e2019-4-3
_f2021-11-3
_g5
_lCCODEBUL1
_mBUL
_n32
_p63.00
_q13
_r0
_sY
_tBOOK
_u2015-7-6
_xSALUD
_zP33
_0COMPRA
_o.STAFF. Colección Ciencias de la Salud
999 _a158.7 A10 2010
_wDEWEY
_c1
_iFJ02053
_d2019-11-5
_e2019-4-7
_f2022-1-17
_g4
_lCCODEBUJ1
_mBUJ
_n14
_p63.00
_q37
_r1
_sY
_tBOOK
_u2015-10-7
_xSALUD
_PP33
_0COMPRA
_o.STAFF. Colección General Juliaca
980 _81
_gALBERTO SANCHEZ Responsable de Automatización